000 01381nam a2200313 a 4500
001 BRCA_4993
005 20190320204908.0
008 281010s1792----mx-######v---#000-0#spa-#
041 _aspa
044 _amx
084 _aDOC86
_b.B67
_c1792
100 1 _aBorda, José de la
_912721
245 1 0 _aDocumentos de Don José de la Borda y Don Manuel de la Borda
_cJosé de la Borda, Manuel de la Borda, Mariano Sánchez.
260 _aZacatecas, México
_c1792
300 _a[41] fojas
_c31 x 21 cm
500 _aDocumento expedido en agosto de 1792 en Zacatecas
500 _aPapeles de Don José de la Borda y Don Manuel de la Borda. Inventario hecho por el Lic. Don Miguel de Larrañaga de los bienes que quedaron por fin y muerte del Doctor Manuel de la Borda, a cargo de Don Mariano Sánchez
500 _aEl documento tiene la leyenda DOC. #246
500 _aPapel con marca de agua
500 _aEstado de conservación: Contiene rasgaduras y rasgos de acidificación
506 0 _aFondo reservado: para su consulta es necesario credencial de usuario y carta de motivos
546 _aTexto en: español de finales del siglo XVIII
600 1 4 _aBorda, José de la
_912721
651 4 _aMéxico
_vManuscrito
_xHistoria
_yColonia, 1521-1821
_912722
700 1 _aBorda, Manuel de la
_912723
700 1 _aSánchez, Mariano
_912724
902 _aFDH
942 _2lcc
_cD
999 _c4687
_d4687